[Event "Women's Speed Chess Q5"]
[Site "chess.com INT"]
[Date "2020.06.22"]
[Round "9"]
[White "Ismayil, Malak"]
[Black "Sowa, Wiktoria"]
[Result "0-1"]
[WhiteTitle "WCM"]
[BlackTitle "WFM"]
[WhiteElo "1997"]
[BlackElo "2093"]
[WhiteFideId "13412604"]
[BlackFideId "21836701"]
[EventDate "2020.06.22"]

1. e4 Nf6 2. e5 Nd5 3. d4 g6 4. c4 Nb6 5. Nc3 d6 6. exd6 cxd6 7. g3 Bg7 8. Bg2
O-O 9. Nge2 Nxc4 10. O-O Nc6 11. b3 Nb6 12. Be3 Bf5 13. Rc1 Rc8 14. Bg5 h6 15.
Be3 e5 16. d5 Ne7 17. f4 Kh7 18. h3 Bd7 19. g4 f5 20. Ng3 exf4 21. Bxf4 Rxc3 22.
Rxc3 Bxc3 23. Bxd6 Nbxd5 24. Bxd5 Qb6+ 25. Kh2 Qxd6 26. Bg2 Be5 27. Qxd6 Bxd6
28. Rd1 Bxg3+ 29. Kxg3 Be6 0-1

[Event "Women's Speed Chess Q5"]
[Site "chess.com INT"]
[Date "2020.06.22"]
[Round "9"]
[White "Toncheva, Nadya"]
[Black "Martsynovskaya, Marina"]
[Result "1-0"]
[WhiteTitle "WFM"]
[BlackTitle "WIM"]
[WhiteElo "2064"]
[BlackElo "2046"]
[WhiteFideId "2924056"]
[BlackFideId "609218"]
[EventDate "2020.06.22"]

1. e4 e5 2. Nf3 Nc6 3. Bb5 a6 4. Ba4 d6 5. d4 exd4 6. Nxd4 Bd7 7. Bxc6 bxc6 8.
Nc3 Nf6 9. Bg5 Be7 10. O-O O-O 11. Re1 h6 12. Bh4 Nh7 13. Bxe7 Qxe7 14. Qd3 Kh8
15. Qc4 c5 16. Nd5 Qd8 17. Nf3 Be6 18. Qd3 f5 19. e5 c6 20. Nf4 Qd7 21. Ng6+ Kg8
22. Nxf8 Nxf8 23. exd6 Rd8 24. Rad1 Bd5 25. Qxa6 Ne6 26. Qe2 Nf4 27. Qe7 Bxf3
28. Qxd7 Rxd7 29. gxf3 Kf7 30. a4 c4 31. a5 Nd5 32. Rxd5 cxd5 33. Re7+ Rxe7 34.
dxe7 Kxe7 35. a6 Kd7 36. a7 Kc7 37. a8=Q 1-0

[Event "Women's Speed Chess Q5"]
[Site "chess.com INT"]
[Date "2020.06.22"]
[Round "9"]
[White "Franco Valencia, Angela"]
[Black "Tsukerman, Julia"]
[Result "1-0"]
[WhiteTitle "WIM"]
[BlackTitle "WCM"]
[WhiteElo "2089"]
[BlackElo "1523"]
[WhiteFideId "4403070"]
[BlackFideId "2621649"]
[EventDate "2020.06.22"]

1. e4 c5 2. Nf3 d6 3. d4 cxd4 4. Nxd4 Nf6 5. Nc3 a6 6. g3 e5 7. Nde2 Be6 8. a4
Nc6 9. Bg2 d5 10. exd5 Nxd5 11. Nxd5 Qa5+ 12. Nec3 Bb4 13. O-O Rd8 14. Qf3 Nd4
15. Qe4 Bd6 16. Ne3 Nc6 17. Bd2 f5 18. Qf3 Bb4 19. Rfd1 O-O 20. Be1 e4 21. Qh5
Nd4 22. Na2 Bxe1 23. Rxe1 Qxa4 24. Nc3 Qb4 25. Rab1 Qc5 26. Red1 b5 27. Ra1 Ra8
28. Bxe4 g6 29. Qg5 Kg7 30. Bg2 h6 31. Qh4 a5 32. Qxd4+ Qxd4 33. Rxd4 1-0

[Event "Women's Speed Chess Q5"]
[Site "chess.com INT"]
[Date "2020.06.22"]
[Round "9"]
[White "Sargsyan, Anna M."]
[Black "Vaishali, R"]
[Result "0-1"]
[WhiteTitle "WGM"]
[BlackTitle "WGM"]
[WhiteElo "2405"]
[BlackElo "2393"]
[WhiteFideId "13308130"]
[BlackFideId "5091756"]
[EventDate "2020.06.22"]

1. d4 Nf6 2. c4 e6 3. Nf3 Bb4+ 4. Bd2 Qe7 5. g3 Nc6 6. Bg2 Bxd2+ 7. Nbxd2 d6 8.
O-O e5 9. d5 Nb8 10. e4 a5 11. Ne1 O-O 12. Nd3 Na6 13. f4 c6 14. fxe5 dxe5 15.
Qe2 Nb4 16. Rfc1 Nxd3 17. Qxd3 Qc5+ 18. Kh1 Ng4 19. Qe2 Nf2+ 20. Kg1 Nd3+ 21.
Kh1 Nxc1 22. Rxc1 a4 23. Rf1 b5 24. dxc6 Ba6 0-1

[Event "Women's Speed Chess Q5"]
[Site "chess.com INT"]
[Date "2020.06.22"]
[Round "9"]
[White "Sukandar, Irine Kharisma"]
[Black "Skuhala, Barbara"]
[Result "1-0"]
[WhiteTitle "IM"]
[BlackTitle "WFM"]
[WhiteElo "2413"]
[BlackElo "2095"]
[WhiteFideId "7101937"]
[BlackFideId "14605465"]
[EventDate "2020.06.22"]

1. d4 d5 2. Bf4 Nf6 3. e3 e6 4. Nd2 Bd6 5. Bg3 O-O 6. Bd3 c5 7. c3 Nc6 8. Qe2 b6
9. e4 dxe4 10. Nxe4 c4 11. Bc2 Ne8 12. Qxc4 Bb7 13. Qd3 f5 14. Nxd6 Nxd6 15. f3
Rc8 16. Ne2 Nf7 17. O-O-O Ne7 18. Kb1 a6 19. Nf4 Qd7 20. Rhe1 Nd8 21. Bb3 Nd5
22. Nxd5 exd5 23. Re5 Bc6 24. Rde1 Qf7 25. Re7 Qg6 26. Bc2 b5 27. Be5 Nf7 28.
Qxf5 Qh6 29. Rxf7 1-0

[Event "Women's Speed Chess Q5"]
[Site "chess.com INT"]
[Date "2020.06.22"]
[Round "9"]
[White "Daulyte-Cornette, Deimante"]
[Black "Golubeva, Oksana"]
[Result "1-0"]
[WhiteTitle "IM"]
[BlackTitle "WFM"]
[WhiteElo "2400"]
[BlackElo "2179"]
[WhiteFideId "12802859"]
[BlackFideId "4170164"]
[EventDate "2020.06.22"]

1. e4 e6 2. d4 d5 3. Nc3 Bb4 4. exd5 exd5 5. Bd3 Nc6 6. Nf3 Bg4 7. O-O Nge7 8.
h3 Bxf3 9. Qxf3 Nxd4 10. Qg4 Bxc3 11. bxc3 Ne6 12. Rb1 Qc8 13. f4 Nc5 14. Qxg7
Rg8 15. Qxh7 Nxd3 16. cxd3 b6 17. Re1 Kf8 18. Qh6+ Rg7 19. Rxe7 Kxe7 20. Qxg7
Qe6 21. Bd2 Kd7 22. Re1 Qf5 23. Re5 Qxd3 24. Qxf7+ Kc6 25. Qe6+ Kb7 26. Qxd5+
Qxd5 27. Rxd5 Re8 28. Kf2 Kc6 29. Rd4 Kb7 30. f5 c5 31. Rd7+ Kc6 32. Rxa7 Rd8
33. Bf4 Rd3 34. f6 Rxc3 35. f7 1-0

[Event "Women's Speed Chess Q5"]
[Site "chess.com INT"]
[Date "2020.06.22"]
[Round "9"]
[White "Gunina, Valentina"]
[Black "Morris-Suzuki, Sophie"]
[Result "1-0"]
[WhiteTitle "GM"]
[BlackTitle "WFM"]
[WhiteElo "2431"]
[BlackElo "2043"]
[WhiteFideId "4167570"]
[BlackFideId "30922615"]
[EventDate "2020.06.22"]

1. d4 Nf6 2. c4 e6 3. Nf3 b6 4. g3 Ba6 5. b3 b5 6. cxb5 Bxb5 7. Bg2 d5 8. O-O
Be7 9. Ne5 O-O 10. Bf4 c5 11. Nc3 Ba6 12. Rc1 cxd4 13. Qxd4 Nfd7 14. Nxd5 exd5
15. Qxd5 Nxe5 16. Qxa8 Ng6 17. Bc7 Qd7 18. Rfd1 Qc8 19. Bf3 Ba3 20. Rc2 Qf5 21.
Be4 Qb5 22. Qxa7 Nd7 23. Rd5 Qb4 24. Bxg6 hxg6 25. Qxa6 Qe1+ 26. Kg2 Nf6 27. Rd4
Be7 28. Be5 Re8 29. Qb5 1-0

[Event "Women's Speed Chess Q5"]
[Site "chess.com INT"]
[Date "2020.06.22"]
[Round "9"]
[White "Soumya, Swaminathan"]
[Black "Hernandez Bonilla, Amelia"]
[Result "0-1"]
[WhiteTitle "IM"]
[BlackTitle "WFM"]
[WhiteElo "2351"]
[BlackElo "2016"]
[WhiteFideId "5016193"]
[BlackFideId "3900193"]
[EventDate "2020.06.22"]

1. Nf3 e6 2. c4 d5 3. g3 Nf6 4. Bg2 c5 5. O-O Be7 6. cxd5 exd5 7. d4 O-O 8. Nc3
c4 9. Ne5 h6 10. b3 cxb3 11. Qxb3 Nc6 12. Rd1 Na5 13. Qa4 Be6 14. Rb1 a6 15. Bf4
b5 16. Qc2 Rc8 17. Qd3 Nc4 18. a4 b4 19. Na2 a5 20. Nc1 Bd7 21. Nxd7 Qxd7 22.
Be5 Rfd8 23. Nb3 Qxa4 24. Ra1 Qd7 25. Nxa5 Nb2 26. Qd2 Nxd1 27. Rxd1 Ne4 0-1

[Event "Women's Speed Chess Q5"]
[Site "chess.com INT"]
[Date "2020.06.22"]
[Round "9"]
[White "Hoang, Thi Bao Tram"]
[Black "Filippova, Margarita"]
[Result "1/2-1/2"]
[WhiteTitle "WGM"]
[BlackTitle "WFM"]
[WhiteElo "2288"]
[BlackElo "1931"]
[WhiteFideId "12401102"]
[BlackFideId "34199680"]
[EventDate "2020.06.22"]

1. d4 Nf6 2. Nf3 d5 3. Bg5 c5 4. c3 Nc6 5. e3 Ne4 6. Bh4 Qb6 7. Qc1 Bf5 8. Nbd2
e6 9. Be2 Rc8 10. O-O Bd6 11. Nb3 O-O 12. Bg3 Bxg3 13. hxg3 cxd4 14. Nfxd4 Bg6
15. Bd3 e5 16. Nf3 a5 17. Qc2 Nb4 18. Qe2 Nxd3 19. Qxd3 Nxg3 20. Qxd5 Nxf1 21.
Rxf1 a4 22. Nbd2 Qxb2 23. Nc4 Qxc3 24. Nfxe5 Rxc4 25. Nxc4 Bd3 26. Rd1 Bxc4 27.
Qc5 Qc2 28. Rd4 Qb1+ 29. Kh2 Be6 30. a3 Qa2 31. Qe7 Qxf2 32. Rd8 h6 33. Qxf8+
Kh7 34. Qd6 Qh4+ 35. Kg1 Qe1+ 36. Kh2 Qh4+ 37. Kg1 Qe1+ 38. Kh2 Qh4+ 1/2-1/2

[Event "Women's Speed Chess Q5"]
[Site "chess.com INT"]
[Date "2020.06.22"]
[Round "9"]
[White "Doluhanova, Evgeniya"]
[Black "Golubenko, Valentina"]
[Result "1-0"]
[WhiteTitle "WGM"]
[BlackTitle "WGM"]
[WhiteElo "2229"]
[BlackElo "2209"]
[WhiteFideId "14112035"]
[BlackFideId "4501993"]
[EventDate "2020.06.22"]

1. e4 g6 2. d4 Bg7 3. Nc3 c5 4. Be3 cxd4 5. Bxd4 Bxd4 6. Qxd4 Nf6 7. O-O-O O-O
8. h4 Nc6 9. Qe3 d6 10. f3 a6 11. g4 b5 12. h5 b4 13. Nd5 Qa5 14. Bc4 Ne5 15.
Nxf6+ exf6 16. Bb3 Be6 17. hxg6 Bxb3 18. Qh6 Nd3+ 19. Rxd3 Qg5+ 20. Qxg5 fxg5
21. gxh7+ Kh8 22. axb3 a5 23. Ne2 Ra6 24. Nd4 f6 25. Nf5 Rd8 26. Ne7 Kg7 27. Ng6
Kxg6 28. h8=Q Rxh8 29. Rxh8 a4 30. bxa4 Rxa4 31. Rb8 Ra1+ 32. Kd2 Ra4 33. b3 Ra2
34. Rxb4 Ra6 35. Rbd4 Kf7 36. Rxd6 Ra2 37. Rb6 Rb2 38. Rd7+ Kg6 39. Rdd6 Kg7 40.
Rxf6 Rxc2+ 41. Kxc2 Kh7 42. Rfc6 Kg7 43. Rc7+ 1-0

[Event "Women's Speed Chess Q5"]
[Site "chess.com INT"]
[Date "2020.06.22"]
[Round "9"]
[White "Mammadova, Gulnar"]
[Black "Gevorgyan, Maria"]
[Result "0-1"]
[WhiteTitle "IM"]
[BlackTitle "WGM"]
[WhiteElo "2382"]
[BlackElo "2228"]
[WhiteFideId "13403508"]
[BlackFideId "13300270"]
[EventDate "2020.06.22"]

1. e4 c5 2. Nf3 Nc6 3. b3 Nf6 4. e5 Nd5 5. Bb2 d6 6. Bb5 Bd7 7. exd6 exd6 8. O-O
a6 9. Bc4 Nf6 10. Re1+ Be7 11. Bxf6 gxf6 12. d4 cxd4 13. Nxd4 Ne5 14. Bd5 Rg8
15. f4 Ng6 16. Qh5 Rg7 17. Qh6 Kf8 18. c4 Qb6 19. Rd1 Bg4 20. Rd2 f5 21. Nc3 Bf6
22. Na4 Qxd4+ 23. Rxd4 Bxd4+ 24. Kf1 Bxa1 25. h3 Bd1 26. Qg5 Re8 27. Qxf5 Be2+
28. Kg1 Bd4+ 29. Kh2 Nxf4 30. c5 Nxd5 31. Qxd5 Be5+ 32. g3 Bxg3+ 33. Kh1 Bb5 34.
Qxb7 Bf4 0-1

[Event "Women's Speed Chess Q5"]
[Site "chess.com INT"]
[Date "2020.06.22"]
[Round "9"]
[White "Dzagnidze, Nana"]
[Black "Solozhenkina, Elizaveta"]
[Result "1/2-1/2"]
[WhiteTitle "GM"]
[BlackTitle "WIM"]
[WhiteElo "2524"]
[BlackElo "2301"]
[WhiteFideId "13601903"]
[BlackFideId "34106615"]
[EventDate "2020.06.22"]

1. d4 Nf6 2. Nf3 e6 3. c4 d5 4. e3 Bb4+ 5. Nbd2 O-O 6. a3 Be7 7. b4 a5 8. b5 c6
9. Bb2 cxb5 10. cxb5 Nbd7 11. Bd3 b6 12. O-O Bb7 13. Qe2 Ne4 14. Rfc1 Bd6 15.
Ne5 Bxe5 16. dxe5 Ndc5 17. Bd4 Nxd2 18. Bxc5 Nb3 19. Bxf8 Nxc1 20. Rxc1 Kxf8 21.
Qb2 Rc8 22. a4 h6 23. h3 Rc7 24. Rc2 Ke8 25. Qd4 Rxc2 26. Bxc2 Qc7 27. Bd3 Ke7
28. h4 Ke8 29. Kh2 Ke7 30. f4 g6 31. Kg3 h5 32. Kf2 Ke8 33. Kg3 Ke7 34. Kf2 Ke8
35. Kg3 Ke7 1/2-1/2

[Event "Women's Speed Chess Q5"]
[Site "chess.com INT"]
[Date "2020.06.22"]
[Round "9"]
[White "Fominykh, Maria"]
[Black "Papp, Petra"]
[Result "0-1"]
[WhiteTitle "WGM"]
[BlackTitle "WGM"]
[WhiteElo "2206"]
[BlackElo "2338"]
[WhiteFideId "4142411"]
[BlackFideId "739049"]
[EventDate "2020.06.22"]

1. d4 Nf6 2. Nf3 g6 3. c4 Bg7 4. Nc3 d5 5. cxd5 Nxd5 6. Bd2 O-O 7. e4 Nxc3 8.
Bxc3 c5 9. d5 e6 10. Bxg7 Kxg7 11. Qd2 exd5 12. exd5 Qd6 13. Be2 b6 14. O-O Nd7
15. Rad1 Nf6 16. a4 Bf5 17. Qc3 Rfe8 18. Bb5 Re7 19. Bc6 Rd8 20. Nd2 Qe5 21. Nc4
Qxc3 22. bxc3 Be4 23. Ne3 Ne8 24. f3 Bf5 25. Nxf5+ gxf5 26. Bxe8 Rdxe8 27. Rd3
Re2 28. d6 Ra2 29. d7 Rd8 30. Re1 Kf8 31. Re5 Rxa4 32. Rxf5 a5 33. Rh5 Ra1+ 34.
Kf2 a4 35. Rxh7 Ke7 36. Rh6 Rb1 37. Rhd6 a3 38. Rd2 a2 39. Rxa2 Kxd6 40. Rd2+
Ke7 41. h4 Rxd7 42. Re2+ Kf8 43. h5 Kg7 44. g4 b5 45. g5 b4 46. cxb4 cxb4 47. f4
b3 48. f5 b2 49. h6+ Kh7 0-1

[Event "Women's Speed Chess Q5"]
[Site "chess.com INT"]
[Date "2020.06.22"]
[Round "9"]
[White "Buksa, Nataliya"]
[Black "Belenkaya, Dina"]
[Result "1-0"]
[WhiteTitle "IM"]
[BlackTitle "WGM"]
[WhiteElo "2410"]
[BlackElo "2297"]
[WhiteFideId "14123622"]
[BlackFideId "24142654"]
[EventDate "2020.06.22"]

1. d4 Nf6 2. Nc3 d5 3. Bf4 Bf5 4. e3 c6 5. Nf3 e6 6. Ne5 Nbd7 7. g4 Nxe5 8. gxf5
Nc4 9. Bxc4 dxc4 10. fxe6 fxe6 11. Qe2 b5 12. Qf3 Qb6 13. Rg1 O-O-O 14. O-O-O b4
15. Ne4 c3 16. Nxf6 gxf6 17. Qe4 Re8 18. Rd3 Qa6 19. bxc3 bxc3 20. Rxc3 Ba3+ 21.
Kd1 Kd7 22. Rg7+ Re7 23. Rg1 Bb4 24. Rb3 Ba5 25. h4 Rc8 26. h5 Bb6 27. a3 Qa4
28. Qd3 Rf7 29. Rb4 1-0

[Event "Women's Speed Chess Q5"]
[Site "chess.com INT"]
[Date "2020.06.22"]
[Round "9"]
[White "Chitlange, Sakshi"]
[Black "Padmini, Rout"]
[Result "1-0"]
[WhiteTitle "WIM"]
[BlackTitle "IM"]
[WhiteElo "2167"]
[BlackElo "2370"]
[WhiteFideId "35002899"]
[BlackFideId "5029295"]
[EventDate "2020.06.22"]

1. d4 Nf6 2. c4 e6 3. Nf3 d5 4. g3 Bb4+ 5. Bd2 Bd6 6. Bg2 O-O 7. Bg5 h6 8. Bxf6
Qxf6 9. O-O c6 10. Nbd2 Qe7 11. e4 dxe4 12. Nxe4 Bc7 13. Re1 Rd8 14. Qc2 Nd7 15.
Rad1 Nf6 16. Nc5 b6 17. Nd3 Bb7 18. Nfe5 Rxd4 19. Bxc6 Bxe5 20. Nxe5 Rad8 21.
Rxd4 Rxd4 22. Bxb7 Qxb7 23. Rd1 Rxd1+ 24. Qxd1 Qc7 25. Qd4 Ne8 26. b4 f6 27. Nd3
Nd6 28. c5 Nb7 29. a4 Kf7 30. Qc4 g5 31. c6 Nd6 32. Qc2 Nf5 33. b5 Ke7 34. Qc4
Ng7 35. Qe4 h5 36. Nb4 Kf7 37. Na6 Qd6 38. c7 Qd7 39. Qb7 1-0

[Event "Women's Speed Chess Q5"]
[Site "chess.com INT"]
[Date "2020.06.22"]
[Round "9"]
[White "Grigoryan, Meri"]
[Black "Kalinina, Larisa"]
[Result "1-0"]
[WhiteTitle "WFM"]
[BlackTitle "WIM"]
[WhiteElo "2044"]
[BlackElo "2131"]
[WhiteFideId "13300571"]
[BlackFideId "14106361"]
[EventDate "2020.06.22"]

1. d4 Nf6 2. Nf3 d5 3. Bg5 Nbd7 4. e3 g6 5. Bd3 Bg7 6. Nbd2 h6 7. Bh4 c5 8. c3
cxd4 9. cxd4 O-O 10. O-O Re8 11. Rc1 Nf8 12. Ne5 g5 13. Bg3 h5 14. f4 g4 15. Bb1
N6d7 16. e4 Nxe5 17. fxe5 Ne6 18. Nb3 dxe4 19. Bxe4 a5 20. a4 Bd7 21. d5 Ng5 22.
Bc2 Bxa4 23. Bf4 Bxb3 24. Bxb3 Ne4 25. Qd4 Nd6 26. Bc2 Nb5 27. Qd3 Qb6+ 28. Kh1
a4 29. Qh7+ Kf8 30. e6 1-0

[Event "Women's Speed Chess Q5"]
[Site "chess.com INT"]
[Date "2020.06.22"]
[Round "9"]
[White "Kiran, Manisha Mohanty"]
[Black "Gokbulut, Julia"]
[Result "1-0"]
[WhiteTitle "WGM"]
[BlackTitle "WFM"]
[WhiteElo "2168"]
[BlackElo "1970"]
[WhiteFideId "5019575"]
[BlackFideId "4153979"]
[EventDate "2020.06.22"]

1. e4 c6 2. d4 d5 3. e5 Bf5 4. h4 Qb6 5. c3 Bxb1 6. Rxb1 e6 7. Bd3 c5 8. Nf3 Nc6
9. a3 Nh6 10. O-O Be7 11. g3 cxd4 12. cxd4 Nf5 13. Bxf5 exf5 14. b4 O-O 15. Qd3
g6 16. h5 Nd8 17. Kg2 Ne6 18. Rh1 Rac8 19. Be3 Qc6 20. Rbc1 Qa4 21. Rc3 a5 22.
b5 Rxc3 23. Qxc3 Qxb5 24. Nh4 Qa4 25. Rb1 b5 26. hxg6 hxg6 27. Rh1 Qxa3 28. Qc6
Bxh4 29. Rxh4 b4 30. Qxd5 b3 31. Rh1 b2 32. Qb5 Nc7 33. Qb7 Ne6 34. d5 f4 35.
gxf4 Ng7 36. e6 fxe6 37. Bd4 Rf7 38. Rh8+ Kxh8 39. Qxf7 Qf8 40. Qxf8+ Kh7 41.
Qxg7# 1-0

[Event "Women's Speed Chess Q5"]
[Site "chess.com INT"]
[Date "2020.06.22"]
[Round "9"]
[White "Rakhmangulova, Anastasiya"]
[Black "Socko, Monika"]
[Result "1-0"]
[WhiteTitle "WIM"]
[BlackTitle "GM"]
[WhiteElo "2191"]
[BlackElo "2428"]
[WhiteFideId "14117479"]
[BlackFideId "1106619"]
[EventDate "2020.06.22"]

1. e4 e6 2. d3 c5 3. Nd2 Nc6 4. Ngf3 g6 5. g3 Bg7 6. Bg2 Nge7 7. O-O O-O 8. Re1
d6 9. c3 b6 10. Nf1 e5 11. Bg5 h6 12. Be3 Be6 13. h4 d5 14. Qc1 Kh7 15. h5 d4
16. cxd4 cxd4 17. Bd2 Rc8 18. hxg6+ fxg6 19. Qd1 Qd6 20. a3 Na5 21. Bxa5 bxa5
22. Qd2 Qb6 23. Rec1 Rxc1 24. Rxc1 Rc8 25. Rxc8 Nxc8 26. b4 axb4 27. axb4 Ne7
28. Qb2 Nc6 29. b5 a6 30. Qa3 Qxb5 31. Qd6 Bg4 32. Nh4 g5 33. Qg6+ Kg8 34. Nf5
Bxf5 35. exf5 Qxd3 36. Bxc6 Kh8 37. Bd5 Qb5 38. f6 Qd7 39. fxg7+ Qxg7 40. Qe8+
Kh7 41. Be4+ 1-0

[Event "Women's Speed Chess Q5"]
[Site "chess.com INT"]
[Date "2020.06.22"]
[Round "9"]
[White "Martynkova, Olena"]
[Black "Singgih, Diajeng Theresa"]
[Result "1-0"]
[WhiteTitle "WIM"]
[BlackTitle "WFM"]
[WhiteElo "2222"]
[BlackElo "1972"]
[WhiteFideId "14134039"]
[BlackFideId "7104391"]
[EventDate "2020.06.22"]

1. d4 d5 2. Nf3 Nf6 3. c4 e6 4. g3 dxc4 5. Bg2 Be7 6. O-O O-O 7. Qc2 c6 8. Qxc4
Nbd7 9. Nc3 Nb6 10. Qb3 Nbd5 11. Re1 b5 12. e4 Nxc3 13. bxc3 Bb7 14. e5 Nd5 15.
c4 Nc7 16. c5 a5 17. a3 Qd5 18. Qc2 Qd7 19. Bg5 Rfd8 20. h4 b4 21. Bxe7 Qxe7 22.
Ng5 g6 23. axb4 axb4 24. Rxa8 Rxa8 25. Ne4 Nb5 26. Nf6+ Kg7 27. Qc4 Ra4 28. Qb3
Nc3 29. Ne4 Ra5 30. Qxb4 Nxe4 31. Qxa5 f5 32. exf6+ Nxf6 33. Qb6 Ng4 34. Qb2 Kg8
35. Qe2 Nf6 36. Qxe6+ Qxe6 37. Rxe6 Kg7 38. Bxc6 Bc8 39. Re7+ Kf8 40. Rc7 Bf5
41. d5 Ne4 42. Bb7 1-0

[Event "Women's Speed Chess Q5"]
[Site "chess.com INT"]
[Date "2020.06.22"]
[Round "9"]
[White "Sliwicka, Alicja"]
[Black "Fataliyeva, Ulviyya"]
[Result "1-0"]
[WhiteTitle "WIM"]
[BlackTitle "WGM"]
[WhiteElo "2317"]
[BlackElo "2301"]
[WhiteFideId "1150677"]
[BlackFideId "13403052"]
[EventDate "2020.06.22"]

1. e4 e6 2. d4 d5 3. Nc3 Nf6 4. Bg5 Bb4 5. e5 h6 6. Be3 Ne4 7. Qg4 Kf8 8. a3
Bxc3+ 9. bxc3 c5 10. Bd3 Qa5 11. Ne2 f5 12. exf6 Nxf6 13. Qg3 c4 14. Bg6 Qd8 15.
O-O Nc6 16. f4 Ne7 17. f5 exf5 18. Nf4 Bd7 19. Qh3 Qc8 20. Rae1 Kg8 21. Bh5 Ng4
22. Bxg4 fxg4 23. Qg3 Nf5 24. Qf2 Kh7 25. Nxd5 Rf8 26. Qe2 Qc6 27. Nb4 Qa4 28.
Qxc4 Rac8 29. Qd5 Rxc3 30. Qe4 Kh8 31. Bd2 Rc4 32. c3 a5 33. Nd5 Rcc8 34. Nf4
Rce8 35. Ng6+ Kg8 36. Qd5+ Kh7 37. Nxf8+ Rxf8 38. Re2 Bc6 39. Qe5 g6 40. Qc7+
Kh8 41. Ref2 Qc4 42. Bxh6 Rf7 43. Qe5+ Kh7 44. Bg5 Qxc3 45. Qf4 Rd7 46. Qxg4
Rxd4 47. Qh3+ Kg8 48. Bf6 1-0

[Event "Women's Speed Chess Q5"]
[Site "chess.com INT"]
[Date "2020.06.22"]
[Round "9"]
[White "Jakubowska, Anna"]
[Black "Gaponenko, Inna"]
[Result "0-1"]
[WhiteTitle "WIM"]
[BlackTitle "IM"]
[WhiteElo "2073"]
[BlackElo "2396"]
[WhiteFideId "1121952"]
[BlackFideId "14101181"]
[EventDate "2020.06.22"]

1. e4 g6 2. d4 Bg7 3. Nc3 d6 4. g3 Nf6 5. Bg2 O-O 6. Nge2 c5 7. O-O cxd4 8. Nxd4
Nc6 9. Nxc6 bxc6 10. h3 Bb7 11. Kh2 c5 12. f4 Qc7 13. Qe2 e6 14. Bd2 d5 15. e5
Nd7 16. Nb5 Qb6 17. c4 Bc6 18. a4 a5 19. b3 d4 20. Bxc6 Qxc6 21. Rad1 f6 22.
exf6 Nxf6 23. Rfe1 Rfe8 24. Qe5 Ng4+ 25. hxg4 Bxe5 26. Rxe5 Qf3 27. Ree1 Re7 28.
Nd6 Qxb3 29. f5 Rd8 30. Ne4 Rc8 31. Bg5 Rb7 32. Nd6 Qa2+ 33. Kh3 Rb2 34. Rh1 Rc6
35. Ne4 exf5 36. gxf5 gxf5 37. Nf6+ Kf7 38. Nd5 Qxc4 39. Ne7 Rc7 40. Nxf5 Kg6
41. Nd6 Qe6+ 42. g4 Qxd6 43. Rdf1 Kxg5 44. Rf5+ Kg6 45. Rf3 d3 46. Rhf1 0-1

[Event "Women's Speed Chess Q5"]
[Site "chess.com INT"]
[Date "2020.06.22"]
[Round "9"]
[White "Xu, Yuanyuan"]
[Black "Karnaukhova, Elmira"]
[Result "1/2-1/2"]
[WhiteTitle "WGM"]
[BlackTitle "WGM"]
[WhiteElo "2317"]
[BlackElo "2319"]
[WhiteFideId "8601089"]
[BlackFideId "4148827"]
[EventDate "2020.06.22"]

1. d4 Nf6 2. c4 c5 3. d5 b5 4. cxb5 a6 5. bxa6 g6 6. Nc3 Bxa6 7. e4 Bxf1 8. Kxf1
d6 9. g3 Bg7 10. Nf3 O-O 11. Kg2 Nbd7 12. a4 Ng4 13. Qe2 Nge5 14. Nd2 Nb6 15. a5
Nc8 16. f4 Nd7 17. Qb5 Na7 18. Qb7 Qc8 19. a6 Qd8 20. Nc4 h5 21. Na4 h4 22. Bd2
Bf6 23. Ba5 Qc8 24. Nab6 Nxb6 25. Nxb6 Qg4 26. Nxa8 h3+ 27. Kf2 Bd4+ 28. Ke1 Qf3
29. Rf1 Qe3+ 30. Kd1 Qd3+ 31. Ke1 Qxe4+ 32. Kd1 Qd3+ 33. Ke1 Qe3+ 34. Kd1 Qd3+
35. Ke1 Qe3+ 36. Kd1 Qd3+ 1/2-1/2

[Event "Women's Speed Chess Q5"]
[Site "chess.com INT"]
[Date "2020.06.22"]
[Round "9"]
[White "Zhukova, Natalia"]
[Black "Kazarian, Anna-Maja"]
[Result "0-1"]
[WhiteTitle "GM"]
[BlackTitle "FM"]
[WhiteElo "2328"]
[BlackElo "2096"]
[WhiteFideId "14101513"]
[BlackFideId "1033689"]
[EventDate "2020.06.22"]

1. c4 e5 2. Nc3 Nf6 3. Nf3 Nc6 4. e4 d6 5. h3 g6 6. d4 exd4 7. Nxd4 Bg7 8. Nxc6
bxc6 9. Be2 O-O 10. O-O Re8 11. Qc2 Qe7 12. Bd3 Nd7 13. b3 Nc5 14. Bb2 Qg5 15.
f4 Qh4 16. Rf3 Ne6 17. Ne2 Bxb2 18. Qxb2 Nc5 19. Qc2 a5 20. Raf1 Bd7 21. Ng3 Qf6
22. Kh2 Re7 23. Qd1 Rae8 24. Bc2 Qh4 25. a3 Bg4 26. b4 Bxf3 27. Rxf3 axb4 28.
axb4 Nd7 29. Ne2 Nf6 30. Nd4 Nxe4 31. Nxc6 Re6 32. Nd4 Nf2 33. Qf1 Ng4+ 34. Kg1
Re1 35. hxg4 Rxf1+ 36. Rxf1 Qxg4 0-1

[Event "Women's Speed Chess Q5"]
[Site "chess.com INT"]
[Date "2020.06.22"]
[Round "9"]
[White "Antolak, Julia"]
[Black "Schut, Lisa"]
[Result "0-1"]
[WhiteTitle "WIM"]
[BlackTitle "WIM"]
[WhiteElo "2323"]
[BlackElo "2259"]
[WhiteFideId "1159569"]
[BlackFideId "1019481"]
[EventDate "2020.06.22"]

1. e4 c5 2. Nf3 d6 3. d4 cxd4 4. Nxd4 Nf6 5. Nc3 a6 6. Bg5 Nbd7 7. Bc4 Qc7 8.
Qe2 h6 9. Bh4 b5 10. Bb3 Bb7 11. O-O-O g5 12. Bg3 Ne5 13. Kb1 Nc4 14. e5 Nxe5
15. Rhe1 O-O-O 16. f3 e6 17. Bf2 Bg7 18. g3 Nc4 19. Ndxb5 axb5 20. Nxb5 Qa5 21.
Qxc4+ Kb8 22. Nxd6 Nd5 23. Nxb7 Kxb7 24. Bd4 Bxd4 25. Qe2 Bg7 26. Qe4 Qb6 27. c4
Kb8 28. cxd5 exd5 29. Rxd5 Rxd5 30. Qxd5 Rd8 31. Qxf7 Qd4 32. Re2 Qd3+ 33. Rc2
Qf1+ 34. Rc1 Qd3+ 35. Ka1 Qd4 36. Rb1 Rc8 37. Qd5 Qxb2+ 38. Rxb2 Rc1# 0-1